<?xml version="1.0" encoding="UTF-8"?>
<record
    xmlns:xsi="http://www.w3.org/2001/XMLSchema-instance"
    xsi:schemaLocation="http://www.loc.gov/MARC21/slim http://www.loc.gov/standards/marcxml/schema/MARC21slim.xsd"
    xmlns="http://www.loc.gov/MARC21/slim">

  <leader>00585nam a22001817a 4500</leader>
  <controlfield tag="003">UA-OsUOA</controlfield>
  <controlfield tag="001"> 16542 </controlfield>
  <controlfield tag="007">ta</controlfield>
  <controlfield tag="008">20040113b un ||||| |||| 00| 0 ukr d</controlfield>
  <datafield tag="100" ind1=" " ind2=" ">
    <subfield code="a">&#x425;&#x43E;&#x43C;&#x438;&#x447; &#x414;.</subfield>
  </datafield>
  <datafield tag="942" ind1=" " ind2=" ">
    <subfield code="c">SA</subfield>
  </datafield>
  <datafield tag="040" ind1=" " ind2=" ">
    <subfield code="a">UA-OsUOA</subfield>
    <subfield code="c">UA-OsUOA</subfield>
    <subfield code="d">UA-OsUOA</subfield>
  </datafield>
  <datafield tag="245" ind1=" " ind2=" ">
    <subfield code="a">&#x412;&#x430;&#x441;&#x438;&#x43B;&#x44C; &#x412;&#x435;&#x440;&#x435;&#x43C;&#x447;&#x443;&#x43A;: "&#x41F;&#x43B;&#x435;&#x43A;&#x430;&#x442;&#x438; &#x43B;&#x456;&#x441; - &#x43D;&#x430;&#x448;&#x435; &#x43F;&#x43E;&#x43A;&#x43B;&#x438;&#x43A;&#x430;&#x43D;&#x43D;&#x44F;": [&#x41F;&#x440;&#x43E; &#x41A;&#x43E;&#x441;&#x442;&#x43E;&#x43F;&#x456;&#x43B;. &#x43B;&#x456;&#x441;&#x43D;&#x438;&#x446;&#x442;&#x432;&#x43E;]</subfield>
  </datafield>
  <datafield tag="300" ind1=" " ind2=" ">
    <subfield code="a">&#x421;.2</subfield>
  </datafield>
  <datafield tag="955" ind1=" " ind2=" ">
    <subfield code="a">0</subfield>
  </datafield>
  <datafield tag="773" ind1="0" ind2=" ">
    <subfield code="w">0</subfield>
    <subfield code="t">&#x412;&#x456;&#x447;&#x435;&#x432;&#x435; &#x441;&#x43B;&#x43E;&#x432;&#x43E;</subfield>
    <subfield code="d">&#x41A;&#x43E;&#x441;&#x442;&#x43E;&#x43F;&#x456;&#x43B;&#x44C;</subfield>
    <subfield code="d">2003</subfield>
    <subfield code="g">&#x2116;52/27 &#x433;&#x440;&#x443;&#x434;./</subfield>
  </datafield>
  <datafield tag="650" ind1=" " ind2="7">
    <subfield code="a">&#x412;&#x435;&#x440;&#x435;&#x43C;&#x447;&#x443;&#x43A; &#x412;.</subfield>
    <subfield code="2">UDC</subfield>
  </datafield>
  <datafield tag="999" ind1=" " ind2=" ">
    <subfield code="c">302707</subfield>
    <subfield code="d">302707</subfield>
  </datafield>
</record>
